00497nam a22001697a 450000500170000001000150001702000260003203500140005803700130007208200140008510000060009924500580010526000380016327000760020130000300027770000200030720180827150807.0 aENG-123780 a9788174533739c750.00 aEN-107312 bDBAD/PUB a615.85154 a  aTrends in music therapy today /ced. by Lovely Sharma aNew DelhibSanjay Prakashanc2009 a4378/4 D, 209 J.M.D. House, Ansari Road, Darya Ganj,bNew Delhie110002 axi,222p.c22cm(Hb).bill. a Sharma, Lovely